The story of the White House / (Record no. 6519)

MARC details
000 -LEADER
fixed length control field 01307cam a22003614a 4500
001 - CONTROL NUMBER
control field 6519
003 - CONTROL NUMBER IDENTIFIER
control field FISKH
005 - DATE AND TIME OF LATEST TRANSACTION
control field 20250807160450.0
008 - FIXED-LENGTH DATA ELEMENTS--GENERAL INFORMATION
fixed length control field 080827s2009 nyua j b 001 0deng
010 ## - LIBRARY OF CONGRESS CONTROL NUMBER
LC control number 2008037424
020 ## - INTERNATIONAL STANDARD BOOK NUMBER
International Standard Book Number 0531210944
020 ## - INTERNATIONAL STANDARD BOOK NUMBER
International Standard Book Number 9780531224311
040 ## - CATALOGING SOURCE
Original cataloging agency DLC
Transcribing agency DLC
Modifying agency DLC
Language of cataloging eng
050 ## - LIBRARY OF CONGRESS CALL NUMBER
Classification number F204.W5 K456
082 ## - DEWEY DECIMAL CLASSIFICATION NUMBER
Classification number 975.3
100 1# - MAIN ENTRY--PERSONAL NAME
Personal name Kennedy, Marge M.,
Dates associated with a name 1950-
245 14 - TITLE STATEMENT
Title The story of the White House /
Statement of responsibility, etc. by Marge Kennedy.
260 ## - PUBLICATION, DISTRIBUTION, ETC.
Place of publication, distribution, etc. New York :
Name of publisher, distributor, etc. Scholastic,
Date of publication, distribution, etc. 2009.
300 ## - PHYSICAL DESCRIPTION
Extent 24 pages :
Other physical details color illustrations ;
Accompanying material 21 cm
490 0# - SERIES STATEMENT
Series statement Scholastic news nonfiction readers
504 ## - BIBLIOGRAPHY, ETC. NOTE
Bibliography, etc. note Includes bibliographical references and index.
505 ## - FORMATTED CONTENTS NOTE
Formatted contents note J<br/>
520 ## - SUMMARY, ETC.
Summary, etc. Photographs and simple text introduce young readers to the White House and how it has changed over the past two hundred years.
521 8# - TARGET AUDIENCE NOTE
Target audience note 490<br/>
Source Lexile<br/>
521 8# - TARGET AUDIENCE NOTE
Target audience note J<br/>
Source Raz-Plus<br/>
610 20 - SUBJECT ADDED ENTRY--CORPORATE NAME
Corporate name or jurisdiction name as entry element White House (Washington, D.C.)
Form subdivision Juvenile literature.
610 20 - SUBJECT ADDED ENTRY--CORPORATE NAME
Corporate name or jurisdiction name as entry element White House (Washington, D.C.)
General subdivision History
Form subdivision Juvenile literature.
650 #0 - SUBJECT ADDED ENTRY--TOPICAL TERM
Topical term or geographic name entry element Presidents
Geographic subdivision United States
General subdivision History
Form subdivision Juvenile literature.
651 #0 - SUBJECT ADDED ENTRY--GEOGRAPHIC NAME
Geographic name Washington (D.C.)
General subdivision Buildings, structures, etc.
Form subdivision Juvenile literature.
906 ## - LOCAL DATA ELEMENT F, LDF (RLIN)
a 7
b cbc
c orignew
d 1
e ecip
f 20
g y-gencatlg
942 ## - ADDED ENTRY ELEMENTS (KOHA)
Source of classification or shelving scheme Dewey Decimal Classification
Koha item type Books
Suppress in OPAC No
Holdings
Withdrawn status Lost status Source of classification or shelving scheme Damaged status Not for loan Collection Home library Current library Shelving location Date acquired Total Checkouts Full call number Barcode Date last seen Copy number Price effective from Koha item type
    Dewey Decimal Classification     Non-Fiction Footprints International School Library Network Toul Kork Campus Footprints International School Library Network Toul Kork Campus TK Primary Library Room(4th Floor), Bookcase 1&2, Shelves 1-16, Dark Blue Books 05/07/2025   KEN 975.3 F204.W5 K456 FISBK05836 05/07/2025 1 05/07/2025 Books
    Dewey Decimal Classification     Non-Fiction Footprints International School Library Network Toul Kork Campus Footprints International School Library Network Toul Kork Campus TK Primary Library Room(4th Floor), Bookcase 1&2, Shelves 1-16, Dark Blue Books 07/07/2025   KEN 975.3 F204.W5 K456 FISTK02191 07/07/2025 2 07/07/2025 Books
    Dewey Decimal Classification     Non-Fiction Footprints International School Library Network Toul Tom Poung Campus Footprints International School Library Network Toul Tom Poung Campus TTP Primary Dark Blue Bookshelves 08/07/2025   KEN 975.3 F204.W5 K456 FIS01384 08/07/2025 3 08/07/2025 Books